000 00729nam a2200229Ii 4500
003 JO-AjNU
008 230605s9999||||xx |||||||||||||| ||und||
017 _a1425/2082
020 _a9960-33-907-6
040 _aJO-AjNU
_bara
_erda
_cJO-AjNU
041 _aara
050 1 4 _aBP135.8 2004
100 3 _aإعداد العنزي، عبدالله بن زعل,
_eauthor
_949026
245 0 0 _aأحكام السنن الرواتب
250 _aط1
264 3 1 _aالرياض: دار القاسم للنشر، 2004
300 _a80ص
336 _atext
_btxt
_2rdacontent
337 _aunmediated
_bn
_2rdamedia
338 _avolume
_bnc
_2rdacarrier
650 4 _aالاسلام - صلاة التطوع - النوافل -
_949027
999 _aA21508
_c25076
_d25076